| 000 | 00369nam a2200169Ia 4500 | ||
|---|---|---|---|
| 100 | _aVieira/Robert | ||
| 650 | _aSQL | ||
| 942 | _cBK | ||
| 366 | _f25 | ||
| 654 | _aSQL server 2008 | ||
| 245 | _aBeginning Microsoft SQL server 2008 programming | ||
| 260 |
_bWrox Publications _c2009 |
||
| 082 |
_a5.133 _bVIE |
||
| 300 | _a682 | ||
| 546 | _aENGLISH | ||
| 999 |
_c33691 _d33691 |
||